The Diary of a social butterfly (Record no. 329835)
[ view plain ]
| 000 -LEADER | |
|---|---|
| fixed length control field | 00491 a2200157 4500 |
| 001 - CONTROL NUMBER | |
| control field | 89915 |
| 003 - CONTROL NUMBER IDENTIFIER | |
| control field | NUST |
| 005 - DATE AND TIME OF LATEST TRANSACTION | |
| control field | 20170523140440.0 |
| 008 - FIXED-LENGTH DATA ELEMENTS--GENERAL INFORMATION | |
| fixed length control field | 170523b xxu||||| |||| 00| 0 eng d |
| 020 ## - INTERNATIONAL STANDARD BOOK NUMBER | |
| International Standard Book Number | 9786964025223 |
| 040 ## - CATALOGING SOURCE | |
| Transcribing agency | DLC |
| 082 ## - DEWEY DECIMAL CLASSIFICATION NUMBER | |
| Classification number | 823.92 MON |
| 100 ## - MAIN ENTRY--PERSONAL NAME | |
| Personal name | Moni Mohsin |
| 9 (RLIN) | 1348 |
| 245 ## - TITLE STATEMENT | |
| Title | The Diary of a social butterfly |
| Medium | English |
| 260 ## - PUBLICATION, DISTRIBUTION, ETC. | |
| Place of publication, distribution, etc. | Lahore |
| Name of publisher, distributor, etc. | Vanguard Books |
| Date of publication, distribution, etc. | 2009 |
| 300 ## - PHYSICAL DESCRIPTION | |
| Extent | x, 230p. |
| 500 ## - GENERAL NOTE | |
| General note | General Books |
| 942 ## - ADDED ENTRY ELEMENTS (KOHA) | |
| Institution code [OBSOLETE] | CAE NUST |
| Call number prefix | 823.92 MON |
| Source of classification or shelving scheme | |
| Koha item type | Book |
| Withdrawn status | Lost status | Source of classification or shelving scheme | Damaged status | Not for loan | Permanent Location | Current Location | Date acquired | Total Checkouts | Full call number | Barcode | Date last seen | Date last checked out | Price effective from | Koha item type |
|---|---|---|---|---|---|---|---|---|---|---|---|---|---|---|
| School of Civil and Environmental Engineering (SCEE) | School of Civil and Environmental Engineering (SCEE) | 05/23/2017 | 1 | 823.92 MON | NIT-8724 | 06/02/2023 | 11/23/2022 | 05/23/2017 | Book |
